00816 2200277 4500001002100000005001700021008004100038020001800079035002400097040001200121082001100133090001800144100002000162245015700182250001000339260002500349300002600374500001100400650003000411700001900441700001900460700001700479850001200496990001500508990001500523YOGYA-0209000003784720090227025311.0 ind  a979-433-391-3 0010-020900000037847 aYOPDYOG a323.34 a323.34bVic A aVICTOR, Barbara aArmy of rosesbKisah nyata para perempuan Palestina pelaku bom syahidcBarbara Victor; penerjemah, Anna Farida; penyunting, Iqbal Harahap, Ahmad Baiquni aCet.1 aBandungbMizanc2005 aXLIII, 404 hlmc21 cm aIndeks aWanita - Kegiatan politik aBaiquni, Ahmad aHarahap, Iqbal aFarida, Anna aYOPDYOG a05B0008330 a05B0008329